<?xml version="1.0" encoding="UTF-8"?>
<record
    xmlns:xsi="http://www.w3.org/2001/XMLSchema-instance"
    xsi:schemaLocation="http://www.loc.gov/MARC21/slim http://www.loc.gov/standards/marcxml/schema/MARC21slim.xsd"
    xmlns="http://www.loc.gov/MARC21/slim">

  <leader>00426nam a22001697a 4500</leader>
  <controlfield tag="003">SEACOMEC</controlfield>
  <controlfield tag="005">20250529125334.0</controlfield>
  <controlfield tag="008">250529b        |||||||| |||| 00| 0 eng d</controlfield>
  <datafield tag="020" ind1=" " ind2=" ">
    <subfield code="a">978-8131805640</subfield>
    <subfield code="c">225.00</subfield>
  </datafield>
  <datafield tag="040" ind1=" " ind2=" ">
    <subfield code="a">SEACOMEC</subfield>
  </datafield>
  <datafield tag="082" ind1=" " ind2=" ">
    <subfield code="a">005.463</subfield>
    <subfield code="b">K130</subfield>
  </datafield>
  <datafield tag="100" ind1=" " ind2=" ">
    <subfield code="a">Kakde, O G</subfield>
  </datafield>
  <datafield tag="245" ind1=" " ind2=" ">
    <subfield code="a">Compiler design../ </subfield>
    <subfield code="b">O. G. Kakde</subfield>
  </datafield>
  <datafield tag="250" ind1=" " ind2=" ">
    <subfield code="a"> 4th Ed</subfield>
  </datafield>
  <datafield tag="260" ind1=" " ind2=" ">
    <subfield code="a">New Delhi :</subfield>
    <subfield code="b">Laxmi Publications,</subfield>
    <subfield code="c">2007</subfield>
  </datafield>
  <datafield tag="942" ind1=" " ind2=" ">
    <subfield code="c">BOOK</subfield>
  </datafield>
  <datafield tag="952" ind1=" " ind2=" ">
    <subfield code="0">0</subfield>
    <subfield code="1">0</subfield>
    <subfield code="2">ddc</subfield>
    <subfield code="4">0</subfield>
    <subfield code="7">0</subfield>
    <subfield code="a">SEACOMEC</subfield>
    <subfield code="b">SEACOMEC</subfield>
    <subfield code="d">2010-11-04</subfield>
    <subfield code="l">0</subfield>
    <subfield code="o">005.463 K130</subfield>
    <subfield code="p">17550</subfield>
    <subfield code="r">2025-05-29 12:53:56</subfield>
    <subfield code="w">2025-05-29</subfield>
    <subfield code="y">REF</subfield>
  </datafield>
  <datafield tag="952" ind1=" " ind2=" ">
    <subfield code="0">0</subfield>
    <subfield code="1">0</subfield>
    <subfield code="2">ddc</subfield>
    <subfield code="4">0</subfield>
    <subfield code="7">0</subfield>
    <subfield code="a">SEACOMEC</subfield>
    <subfield code="b">SEACOMEC</subfield>
    <subfield code="d">2010-11-04</subfield>
    <subfield code="l">0</subfield>
    <subfield code="o">005.463 K130</subfield>
    <subfield code="p">17551</subfield>
    <subfield code="r">2025-05-29 12:53:56</subfield>
    <subfield code="t">1</subfield>
    <subfield code="w">2025-05-29</subfield>
    <subfield code="y">BOOK</subfield>
  </datafield>
  <datafield tag="952" ind1=" " ind2=" ">
    <subfield code="0">0</subfield>
    <subfield code="1">0</subfield>
    <subfield code="2">ddc</subfield>
    <subfield code="4">0</subfield>
    <subfield code="7">0</subfield>
    <subfield code="a">SEACOMEC</subfield>
    <subfield code="b">SEACOMEC</subfield>
    <subfield code="d">2010-11-04</subfield>
    <subfield code="l">0</subfield>
    <subfield code="o">005.463 K130</subfield>
    <subfield code="p">17552</subfield>
    <subfield code="r">2025-05-29 12:53:56</subfield>
    <subfield code="t">2</subfield>
    <subfield code="w">2025-05-29</subfield>
    <subfield code="y">BOOK</subfield>
  </datafield>
  <datafield tag="952" ind1=" " ind2=" ">
    <subfield code="0">0</subfield>
    <subfield code="1">0</subfield>
    <subfield code="2">ddc</subfield>
    <subfield code="4">0</subfield>
    <subfield code="7">0</subfield>
    <subfield code="a">SEACOMEC</subfield>
    <subfield code="b">SEACOMEC</subfield>
    <subfield code="d">2010-11-04</subfield>
    <subfield code="l">0</subfield>
    <subfield code="o">005.463 K130</subfield>
    <subfield code="p">17553</subfield>
    <subfield code="r">2025-05-29 12:53:56</subfield>
    <subfield code="t">3</subfield>
    <subfield code="w">2025-05-29</subfield>
    <subfield code="y">BOOK</subfield>
  </datafield>
  <datafield tag="952" ind1=" " ind2=" ">
    <subfield code="0">0</subfield>
    <subfield code="1">0</subfield>
    <subfield code="2">ddc</subfield>
    <subfield code="4">0</subfield>
    <subfield code="7">0</subfield>
    <subfield code="a">SEACOMEC</subfield>
    <subfield code="b">SEACOMEC</subfield>
    <subfield code="d">2010-11-04</subfield>
    <subfield code="l">0</subfield>
    <subfield code="o">005.463 K130</subfield>
    <subfield code="p">17554</subfield>
    <subfield code="r">2025-05-29 12:53:56</subfield>
    <subfield code="t">4</subfield>
    <subfield code="w">2025-05-29</subfield>
    <subfield code="y">BOOK</subfield>
  </datafield>
  <datafield tag="952" ind1=" " ind2=" ">
    <subfield code="0">0</subfield>
    <subfield code="1">0</subfield>
    <subfield code="2">ddc</subfield>
    <subfield code="4">0</subfield>
    <subfield code="7">0</subfield>
    <subfield code="a">SEACOMEC</subfield>
    <subfield code="b">SEACOMEC</subfield>
    <subfield code="d">2010-11-04</subfield>
    <subfield code="l">0</subfield>
    <subfield code="o">005.463 K130</subfield>
    <subfield code="p">17555</subfield>
    <subfield code="r">2025-05-29 12:53:56</subfield>
    <subfield code="t">5</subfield>
    <subfield code="w">2025-05-29</subfield>
    <subfield code="y">BOOK</subfield>
  </datafield>
  <datafield tag="952" ind1=" " ind2=" ">
    <subfield code="0">0</subfield>
    <subfield code="1">0</subfield>
    <subfield code="2">ddc</subfield>
    <subfield code="4">0</subfield>
    <subfield code="7">0</subfield>
    <subfield code="a">SEACOMEC</subfield>
    <subfield code="b">SEACOMEC</subfield>
    <subfield code="d">2010-11-04</subfield>
    <subfield code="l">0</subfield>
    <subfield code="o">005.463 K130</subfield>
    <subfield code="p">17556</subfield>
    <subfield code="r">2025-05-29 12:53:56</subfield>
    <subfield code="t">6</subfield>
    <subfield code="w">2025-05-29</subfield>
    <subfield code="y">BOOK</subfield>
  </datafield>
  <datafield tag="952" ind1=" " ind2=" ">
    <subfield code="0">0</subfield>
    <subfield code="1">0</subfield>
    <subfield code="2">ddc</subfield>
    <subfield code="4">0</subfield>
    <subfield code="7">0</subfield>
    <subfield code="a">SEACOMEC</subfield>
    <subfield code="b">SEACOMEC</subfield>
    <subfield code="d">2010-11-04</subfield>
    <subfield code="l">0</subfield>
    <subfield code="o">005.463 K130</subfield>
    <subfield code="p">17557</subfield>
    <subfield code="r">2025-05-29 12:53:56</subfield>
    <subfield code="t">7</subfield>
    <subfield code="w">2025-05-29</subfield>
    <subfield code="y">BOOK</subfield>
  </datafield>
  <datafield tag="952" ind1=" " ind2=" ">
    <subfield code="0">0</subfield>
    <subfield code="1">0</subfield>
    <subfield code="2">ddc</subfield>
    <subfield code="4">0</subfield>
    <subfield code="7">0</subfield>
    <subfield code="a">SEACOMEC</subfield>
    <subfield code="b">SEACOMEC</subfield>
    <subfield code="d">2010-11-04</subfield>
    <subfield code="l">0</subfield>
    <subfield code="o">005.463 K130</subfield>
    <subfield code="p">17558</subfield>
    <subfield code="r">2025-05-29 12:53:56</subfield>
    <subfield code="t">8</subfield>
    <subfield code="w">2025-05-29</subfield>
    <subfield code="y">BOOK</subfield>
  </datafield>
  <datafield tag="952" ind1=" " ind2=" ">
    <subfield code="0">0</subfield>
    <subfield code="1">0</subfield>
    <subfield code="2">ddc</subfield>
    <subfield code="4">0</subfield>
    <subfield code="7">0</subfield>
    <subfield code="a">SEACOMEC</subfield>
    <subfield code="b">SEACOMEC</subfield>
    <subfield code="d">2010-11-04</subfield>
    <subfield code="l">0</subfield>
    <subfield code="o">005.463 K130</subfield>
    <subfield code="p">17559</subfield>
    <subfield code="r">2025-05-29 12:53:56</subfield>
    <subfield code="t">9</subfield>
    <subfield code="w">2025-05-29</subfield>
    <subfield code="y">BOOK</subfield>
  </datafield>
  <datafield tag="999" ind1=" " ind2=" ">
    <subfield code="c">2304</subfield>
    <subfield code="d">2304</subfield>
  </datafield>
</record>
